000 00402nam a2200145 i 4500
001 43465
003 ES-MaACL
007 t|
008 030317s1976 sp ||||1| spa d
245 0 0 _aCatolicismo y Biblia /
_cautores Juan A. Monroy ... [et al.].
260 _aMadrid :
_bIrmayol,
_c[1976]
300 _a162 p. ;
_c19 cm.
700 1 _aMonroy, Juan A.
_982281
852 _aES-MaACL
_jL-4598
_bR.105342
999 _c43465
_d43465